Find That Segment II Quiz Stats

 Plays Quiz Updated May 11, 2018

Also try: Find That Segment
Challenge
Share
Tweet
Score 0/15 Timer 01:00
9 Plays Today
% Correct
???
52%
???
51.3%
???
49.6%
???
47.9%
???
47.1%
???
46.1%
???
45.2%
???
44.8%
% Correct
???
44.1%
???
43.8%
???
43.5%
???
43.3%
???
43.3%
???
43.1%
???
42.4%

You're not logged in!

Compare scores with friends on all Sporcle quizzes.
Join for Free
OR
Log In

You Might Also Like...

Show Comments

Extras

Top Quizzes Today


Score Distribution

Your Account Isn't Verified!

In order to create a playlist on Sporcle, you need to verify the email address you used during registration. Go to your Sporcle Settings to finish the process.

Report this User

Report this user for behavior that violates our Community Guidelines.

Details: